| 000 | 00707nam a2200217 i 4500 | ||
|---|---|---|---|
| 001 | 189271 | ||
| 003 | SpMaBN | ||
| 005 | 20230906223432.0 | ||
| 008 | 190521s1966 sp |||| | spa d | ||
| 080 | _a22(04) | ||
| 245 | 0 | 0 |
_aGrandes temas bíblicos / _cM.E. Boiamard, A. Descamps, A. Gelin... [et al.] ; [traducción por Constantino Ruiz-Garrido]. |
| 260 |
_aMadrid : _bFax, _c[1966] |
||
| 300 |
_a289 p. ; _c23 cm. |
||
| 490 | 1 |
_aActualidad bíblica ; _v1 |
|
| 630 | 0 |
_aBiblia- _vComentarios. _9119238 |
|
| 700 | 1 |
_aBoiamard, M.E. _9167047 |
|
| 700 | 1 |
_aRuiz-Garrido, Constantino. _9100816 |
|
| 830 | 0 |
_aActualidad bíblica ; _v1 _9193281 |
|
| 852 |
_aES-MaACL _jJ-9(1) |
||
| 999 |
_c189271 _d189271 |
||